Introducción al análisis normativo (Registro nro. 50484)

Detalles MARC
000 -ENCABEZADO
Número de control [NR] 00819nam a2200253Ia 4500
005 - FECHA Y HORA DE LA ÚLTIMA TRANSACCIÓN
control field 20211111074313.0
008 - DE LONGITUD FIJA DE DATOS DE ELEMENTOS - INFORMACIÓN GENERAL
Elementos de longitud fija [NR] 130821s1992 sp gr spa
020 ## - NUMERO INTERNACIONAL NORMALIZADO PARA LIBROS [R]
Número Internacional Normalizado del libro [NR] 8425909163
040 ## - FUENTE DE CATALOGACION [NR]
Agencia de catalogación original [NR] Co-BoUCM
Idioma de catalogación [NR] spa
041 00 - CODIGO DE IDIOMA [R]
Código de idioma para texto/pista de sonido o título separado [R] Español
100 1# - ASIENTO PRINCIPAL--NOMBRE PERSONAL [NR]
Nombre personal [NR] Mendoca, Daniel
ID Autoridad 162947
245 10 - MENCION DE TITULO [NR]
Título [NR] Introducción al análisis normativo
Mención de responsabilidad, etc. [NR] Daniel Mendoca
260 ## - PUBLICACION, DISTRIBUCION, ETC. (PIE DE IMPRENTA) [R]
Lugar de publicación, distribución, etc. [R] Madrid (España)
Nombre del editor, distribuidor, etc. [R] Centro de estudios constitucionales
Fecha de publicación, distribución, etc. [R] 1992
300 ## - DESCRIPCION FISICA [R]
Extensión [R] 179 páginas
490 ## - MENCION DE SERIE [R]
Mención de serie [R] Cuadernos y debates.
Designación numérica/secuencial del volumen [NR] 39
650 04 - ASIENTO SECUNDARIO DE MATERIA - TERMINO TEMATICO [R]
Término temático o nombre geográfico como elemento de entrada [NR] Derecho administrativo
9 (RLIN) 12695
650 04 - ASIENTO SECUNDARIO DE MATERIA - TERMINO TEMATICO [R]
Término temático o nombre geográfico como elemento de entrada [NR] Derecho constitucional
9 (RLIN) 12725
650 04 - ASIENTO SECUNDARIO DE MATERIA - TERMINO TEMATICO [R]
Término temático o nombre geográfico como elemento de entrada [NR] Filosofía del derecho
9 (RLIN) 15792
650 04 - ASIENTO SECUNDARIO DE MATERIA - TERMINO TEMATICO [R]
Término temático o nombre geográfico como elemento de entrada [NR] Normas (Derecho)
9 (RLIN) 20435
650 04 - ASIENTO SECUNDARIO DE MATERIA - TERMINO TEMATICO [R]
Término temático o nombre geográfico como elemento de entrada [NR] Teoría del derecho
9 (RLIN) 25308
830 ## - ASIENTO SECUNDARIO DE SERIE--TITULO UNIFORME [R]
Título uniforme [NR] BB_J_DFILO
9 (RLIN) 31608
942 ## - ELEMENTOS DE ENTRADA AGREGADOS (KOHA)
Tipo de ítem principal el descrito en 300a Libro
Tema principal Derecho
Edición 1
Parte restante de la signatura top. M539
Sistema de clasificación DEWEY
Clasificación 340.1
Existencias
Fecha de último préstamo Total préstamos Signatura topográfica Código de barras Última vez visto Ejemplar Price effective from Tipo de ítem Perdido Sistema de clasificación Dañado No prestable Tipo de ítem específico Suprimido Ubicación habitual Ubicación actual Localización Fecha de creación Forma de adquisición Costo
06/02/2012 1 340.1 M539 100080371 10/06/2026 Ej.1 03/02/2013 Libro   DEWEY     Libro   Claustro Claustro 3er piso 30/09/2006 Compra 36700.00